| 000 | 00449nam a22001697a 4500 | ||
|---|---|---|---|
| 003 | CEME | ||
| 005 | 20210628210355.0 | ||
| 008 | 210216b xxu||||| |||| 00| 0 eng d | ||
| 040 | _c. | ||
| 082 | _a297.61 HAM | ||
| 100 |
_aMuhammad Ayub Qadri Hamid Bin Fazal Ullah Jamali _979125 |
||
| 245 | _aSair-ul-arfeen | ||
| 260 |
_aLAHORE _bURDU SCIENCE BOARD _c1989 |
||
| 300 | _a294P | ||
| 650 |
_aISLAM-BIOGRAPHY-SOFIA KARAM _979126 |
||
| 942 |
_cBK _2ddc |
||
| 999 |
_c584190 _d584190 |
||